000 00702nam a2200181Ia 4500
008 151202s9999||||xx |||||||||||||| ||und||
082 _bPNVM-51969
100 _aकोलारकर राम आणि इतर.
245 _aसर्वोत्कृष्ट मराठी कथा खंड 14.
260 _b---
260 _c0
300 _a0
600 _aकोलारकर राम आणि इतर.
630 _aसर्वोत्कृष्ट मराठी कथा खंड 14.
700 _aकोलारकर राम आणि इतर.
730 _aसर्वोत्कृष्ट मराठी कथा खंड 14.
942 _cBOOK
999 _c1318509
_d1318506